000 00889nam a2200217 i 4500
001 146790
003 ES-MaACL
005 20250829122013.0
007 t|
008 070917s1982 sp ||||1| spa d
100 1 _aTrillo Siaba, Tirso.
_9111437
245 1 0 _aBreve historia de Yepes /
_cTirso Trillo Siaba.
260 _aToledo :
_bInstituto Provincial de Investigaciones y Estudios Toledanos,
_c1982.
300 _a63 p. ;
_c22 cm.
490 1 _aPublicaciones del Instituto Provincial de Investigaciones y Estudios Toledanos. Serie VI. Temas Toledanos, 19. Monografías
651 4 _aYepes-
_xHistoria.
_9157809
710 2 _aInstituto Provincial de Investigaciones y Estudios Toledanos.
_95217
830 0 0 _aPublicaciones del Instituto Provincial de Investigaciones y Estudios Toledanos
_9242140
852 _aES-MaACL
_jL-6379
_bR.106558
999 _c146790
_d146790